[Event "Jastrzebia Gora Fianchetto op"]
[Site "Jastrzebia Gora"]
[Date "2014.??.??"]
[Round "4"]
[White "Jackowski, Ryszard"]
[Black "Panczuk, Boleslaw"]
[Result "1-0"]
[WhiteElo "1762"]
[BlackElo "1421"]
[PlyCount "40"]
[EventDate "2014.08.31"]
[EventType "swiss"]
[EventRounds "9"]
[EventCountry "POL"]
[SourceTitle "CBM 162 Extra"]
[Source "ChessBase"]
[SourceDate "2014.10.17"]
[SourceVersion "1"]
[SourceVersionDate "2014.10.17"]
[SourceQuality "1"]

1. e4 c5 2. Nc3 a6 3. f4 d6 4. a4 e6 5. Bc4 Nf6 6. d3 Be7 7. Nf3 Nbd7 8. 0-0 0-0 9. Qe1 Re8 10. Qg3 Qc7 11. f5 Ne5 12. Nxe5 dxe5 13. Bg5 exf5 14. Bxf6 Bxf6 15. a5 f4 16. Qf3 Qc6 17. Bb3 Bd7 18. Ba4 Qd6 19. Bxd7 Qxd7 20. Nd5 Rad8 1-0

[Event "POL-chT blind Gp B"]
[Site "Mielno"]
[Date "2013.12.08"]
[Round "2.6"]
[White "Kasperczyk, Dominik"]
[Black "Panczuk, Boleslaw"]
[Result "1-0"]
[WhiteElo "1786"]
[BlackElo "1438"]
[PlyCount "69"]
[EventDate "2013.12.06"]
[EventType "team-tourn"]
[EventRounds "10"]
[EventCountry "POL"]
[SourceTitle "EXT 2019"]
[Source "ChessBase"]
[SourceDate "2018.10.10"]
[SourceVersion "1"]
[SourceVersionDate "2018.10.10"]
[SourceQuality "1"]

1. e4 c5 2. Nf3 d6 3. c3 Nf6 4. Bd3 Nc6 5. Bc2 e6 6. 0-0 Be7 7. d3 a6 8. Be3 0-0 9. Nbd2 b5 10. d4 Ng4 11. Bf4 cxd4 12. cxd4 Qb6 13. Nb3 Bb7 14. Qd3 Nb4 15. Qe2 Nxc2 16. Qxc2 Rac8 17. Qd3 Rfd8 18. e5 dxe5 19. Nxe5 Nf6 20. Rac1 Be4 21. Qe2 a5 22. Rxc8 Rxc8 23. f3 Bd5 24. Rc1 Bc4 25. Nxc4 Rxc4 26. Rxc4 bxc4 27. Qxc4 Nd5 28. Qc8+ Bf8 29. Bc1 a4 30. Nc5 Qb4 31. Kf2 Qxd4+ 32. Ke2 Nf4+ 33. Bxf4 Qxf4 34. Nd7 Qd6 35. Ke3 1-0

[Event "Rowy op 09"]
[Site "Rowy"]
[Date "2012.09.??"]
[Round "2"]
[White "Najdzionek, Boleslaw"]
[Black "Panczuk, Boleslaw"]
[Result "1-0"]
[WhiteElo "1921"]
[BlackElo "1406"]
[PlyCount "55"]
[EventDate "2012.09.??"]
[EventType "swiss"]
[EventRounds "9"]
[EventCountry "POL"]
[SourceTitle "EXT 2014"]
[Source "ChessBase"]
[SourceDate "2013.11.20"]
[SourceVersion "1"]
[SourceVersionDate "2013.11.20"]
[SourceQuality "1"]

1. d4 d5 2. c4 e6 3. Nf3 Nf6 4. Bg5 Be7 5. e3 0-0 6. Bd3 dxc4 7. Bxc4 Nbd7 8. 0-0 b6 9. Nc3 Bb7 10. Rc1 Rc8 11. Qe2 h6 12. Bh4 Re8 13. Ba6 Bxa6 14. Qxa6 Nf8 15. Rfd1 c6 16. Qe2 Ng6 17. Bxf6 Bxf6 18. Ne4 Qe7 19. Rd3 Nh4 20. Nxf6+ Qxf6 21. Nxh4 Qxh4 22. Qf3 c5 23. Rdc3 Qe7 24. b4 Qd7 25. bxc5 bxc5 26. dxc5 Rc6 27. Qe2 Rec8 28. f3 1-0

[Event "Rowy op 09"]
[Site "Rowy"]
[Date "2012.09.??"]
[Round "1"]
[White "Panczuk, Boleslaw"]
[Black "Janocha, Jan"]
[Result "1-0"]
[WhiteElo "1406"]
[BlackElo "1832"]
[PlyCount "63"]
[EventDate "2012.09.??"]
[EventType "swiss"]
[EventRounds "9"]
[EventCountry "POL"]
[SourceTitle "EXT 2014"]
[Source "ChessBase"]
[SourceDate "2013.11.20"]
[SourceVersion "1"]
[SourceVersionDate "2013.11.20"]
[SourceQuality "1"]

1. e4 c5 2. Nf3 Nc6 3. d4 cxd4 4. Nxd4 Nf6 5. Nc3 e5 6. Nb3 a6 7. Be3 b5 8. Bd3 Be7 9. 0-0 0-0 10. Re1 d6 11. h3 Qc7 12. Rc1 Bb7 13. Nd5 Nxd5 14. exd5 Nb4 15. c4 Nxd3 16. Qxd3 bxc4 17. Rxc4 Qd8 18. Rec1 a5 19. Rc7 Ba6 20. Qc3 Bg5 21. Nxa5 f5 22. f4 Bf6 23. Nc6 Qe8 24. fxe5 dxe5 25. d6 Qe6 26. Qc5 f4 27. Bf2 Bc8 28. Ne7+ Bxe7 29. Rxe7 Qh6 30. Qxe5 Bxh3 31. Bd4 Rf6 32. Qd5+ 1-0

[Event "Rowy op 09"]
[Site "Rowy"]
[Date "2012.09.??"]
[Round "3"]
[White "Panczuk, Boleslaw"]
[Black "Prokopczuk, Antoni"]
[Result "1-0"]
[WhiteElo "1406"]
[BlackElo "1748"]
[PlyCount "59"]
[EventDate "2012.09.??"]
[EventType "swiss"]
[EventRounds "9"]
[EventCountry "POL"]
[SourceTitle "EXT 2014"]
[Source "ChessBase"]
[SourceDate "2013.11.20"]
[SourceVersion "1"]
[SourceVersionDate "2013.11.20"]
[SourceQuality "1"]

1. e4 e5 2. Nf3 Nc6 3. Bb5 d6 4. 0-0 Bd7 5. c3 Nf6 6. Re1 a6 7. Ba4 Ne7 8. Bb3 Ng6 9. d4 Be7 10. Nbd2 0-0 11. Nf1 h6 12. Ng3 a5 13. a4 Qc8 14. Bc2 Nh7 15. Nf5 Bf6 16. Be3 Ne7 17. Nxe7+ Bxe7 18. dxe5 Bg4 19. exd6 Bxd6 20. h3 Bh5 21. Bc1 Qe6 22. Qd3 Rad8 23. Qe3 b6 24. e5 Bxf3 25. exd6 Bb7 26. Qxe6 fxe6 27. dxc7 Rde8 28. Be3 Nf6 29. Bxb6 Nd5 30. Bxa5 1-0

[Event "Rowy op 08"]
[Site "Rowy"]
[Date "2012.08.22"]
[Round "6"]
[White "Czarkowski, Jan"]
[Black "Panczuk, Boleslaw"]
[Result "0-1"]
[WhiteElo "1308"]
[BlackElo "1406"]
[PlyCount "36"]
[EventDate "2012.08.18"]
[EventType "swiss"]
[EventRounds "9"]
[EventCountry "POL"]
[SourceTitle "EXT 2014"]
[Source "ChessBase"]
[SourceDate "2013.11.20"]
[SourceVersion "1"]
[SourceVersionDate "2013.11.20"]
[SourceQuality "1"]

1. e4 c5 2. Nc3 e6 3. Nf3 d6 4. d4 cxd4 5. Nxd4 a6 6. Nf3 Nc6 7. e5 Qc7 8. exd6 Bxd6 9. Ne4 Be7 10. g3 Nf6 11. Bf4 Qb6 12. b3 0-0 13. Rb1 Nxe4 14. Qd4 Nxd4 15. Nxd4 Qxd4 16. Be3 Bb4+ 17. Ke2 Nc3+ 18. Kf3 Qd5+ 0-1

[Event "Rowy op 08"]
[Site "Rowy"]
[Date "2012.08.20"]
[Round "3"]
[White "Panczuk, Boleslaw"]
[Black "Myszka, Zygmunt"]
[Result "0-1"]
[WhiteElo "1406"]
[BlackElo "1944"]
[PlyCount "39"]
[EventDate "2012.08.18"]
[EventType "swiss"]
[EventRounds "9"]
[EventCountry "POL"]
[SourceTitle "EXT 2014"]
[Source "ChessBase"]
[SourceDate "2013.11.20"]
[SourceVersion "1"]
[SourceVersionDate "2013.11.20"]
[SourceQuality "1"]

1. e4 d5 2. exd5 Nf6 3. d4 Nxd5 4. Nf3 g6 5. c4 Nb6 6. Nc3 Bg7 7. Be3 0-0 8. Be2 Nc6 9. 0-0 Bg4 10. Qd2 Qd7 11. Rad1 Bxf3 12. Bxf3 Nxc4 13. Qc2 Nxe3 14. fxe3 Rad8 15. d5 Ne5 16. e4 c6 17. Na4 cxd5 18. Rxd5 Qc8 19. Rc5 Qb8 20. Rc7 0-1

[Event "Rowy op 08"]
[Site "Rowy"]
[Date "2012.08.19"]
[Round "2"]
[White "Panczuk, Boleslaw"]
[Black "Debowski, Stanislaw"]
[Result "1-0"]
[WhiteElo "1406"]
[BlackElo "1741"]
[PlyCount "89"]
[EventDate "2012.08.18"]
[EventType "swiss"]
[EventRounds "9"]
[EventCountry "POL"]
[SourceTitle "EXT 2014"]
[Source "ChessBase"]
[SourceDate "2013.11.20"]
[SourceVersion "1"]
[SourceVersionDate "2013.11.20"]
[SourceQuality "1"]

1. e4 d6 2. d4 g6 3. Nc3 Bg7 4. Bg5 h6 5. Be3 Nf6 6. Be2 0-0 7. Qd2 Kh7 8. h3 e5 9. Nf3 Nc6 10. Rd1 a6 11. a3 b5 12. 0-0 Ng8 13. Nd5 Be6 14. Nb4 Nxb4 15. Qxb4 Qc8 16. dxe5 dxe5 17. c4 c6 18. Bc5 Rd8 19. cxb5 cxb5 20. Qc3 Qb7 21. Bd3 Rac8 22. b4 Ne7 23. Nxe5 f6 24. Nf7 Bxf7 25. Qe1 Nc6 26. f4 Rd7 27. e5 Re8 28. Bd6 Rxd6 29. Bxg6+ Bxg6 30. Rxd6 fxe5 31. f5 Bf7 32. f6 Bf8 33. Qe4+ Bg6 34. Qxc6 Qxc6 35. Rxc6 Ra8 36. Re1 e4 37. Rd1 a5 38. Rd7+ Kg8 39. bxa5 Bxa3 40. Rg7+ Kf8 41. Rxg6 Rxa5 42. Rc7 b4 43. Rxh6 Kg8 44. Rhh7 b3 45. Rhg7+ 1-0

[Event "Rowy op 08"]
[Site "Rowy"]
[Date "2012.08.18"]
[Round "1"]
[White "Staruch, Roman"]
[Black "Panczuk, Boleslaw"]
[Result "1-0"]
[WhiteElo "1957"]
[BlackElo "1406"]
[PlyCount "79"]
[EventDate "2012.08.18"]
[EventType "swiss"]
[EventRounds "9"]
[EventCountry "POL"]
[SourceTitle "EXT 2014"]
[Source "ChessBase"]
[SourceDate "2013.11.20"]
[SourceVersion "1"]
[SourceVersionDate "2013.11.20"]
[SourceQuality "1"]

1. e4 c5 2. Nf3 d6 3. c3 Nf6 4. Be2 a6 5. 0-0 e6 6. Re1 Be7 7. Bf1 0-0 8. d4 cxd4 9. cxd4 Re8 10. Nc3 Nc6 11. Bg5 Qb6 12. Na4 Qc7 13. Rc1 b5 14. d5 Qa5 15. dxc6 Qxa4 16. Qxa4 bxa4 17. Rc4 Rb8 18. Re2 a5 19. Rxa4 Ba6 20. Rc2 Bxf1 21. Kxf1 Ra8 22. Bd2 d5 23. e5 Ne4 24. Be1 Nc5 25. Rxa5 Rxa5 26. Bxa5 Rc8 27. b4 Rxc6 28. bxc5 Rxc5 29. Rxc5 Bxc5 30. Ke2 Kf8 31. Bc7 h6 32. a4 Ke7 33. Ne1 Kd7 34. Ba5 Kc6 35. Nd3 Ba7 36. Kd2 f5 37. Kc3 g5 38. Bd8 Bb6 39. Bxb6 Kxb6 40. Kb4 1-0

[Event "Polanica Zdroj op-B 47th"]
[Site "Polanica Zdroj"]
[Date "2011.??.??"]
[Round "8"]
[White "Panczuk, Boleslaw"]
[Black "Jurkiewicz, Kazimierz"]
[Result "0-1"]
[WhiteElo "1482"]
[BlackElo "1477"]
[PlyCount "21"]
[EventDate "2011.08.18"]
[EventType "swiss"]
[EventRounds "9"]
[EventCountry "POL"]
[SourceTitle "CBM 144 Extra"]
[Source "ChessBase"]
[SourceDate "2011.10.28"]
[SourceVersion "1"]
[SourceVersionDate "2011.10.28"]
[SourceQuality "1"]

1. d4 d5 2. c4 e6 3. Nc3 f5 4. e3 dxc4 5. Bxc4 c6 6. Nf3 Bb4 7. 0-0 Ne7 8. h3 0-0 9. a3 Ba5 10. Bd2 Bc7 11. e4 0-1

[Event "Polanica Zdroj op-B 47th"]
[Site "Polanica Zdroj"]
[Date "2011.??.??"]
[Round "6"]
[White "Zielinski, Andrzej"]
[Black "Panczuk, Boleslaw"]
[Result "1-0"]
[WhiteElo "1618"]
[BlackElo "1482"]
[PlyCount "119"]
[EventDate "2011.08.18"]
[EventType "swiss"]
[EventRounds "9"]
[EventCountry "POL"]
[SourceTitle "CBM 144 Extra"]
[Source "ChessBase"]
[SourceDate "2011.10.28"]
[SourceVersion "1"]
[SourceVersionDate "2011.10.28"]
[SourceQuality "1"]

1. e4 c5 2. b3 d6 3. Bb2 e6 4. Nf3 Nf6 5. Nc3 a6 6. a4 Be7 7. Be2 Bd7 8. 0-0 Nc6 9. d4 cxd4 10. Nxd4 0-0 11. h3 Rc8 12. Nf3 h6 13. Na2 Qc7 14. Bd3 e5 15. Qe2 Nd8 16. Nc3 Bc6 17. Nh4 Ne6 18. Nf5 Nf4 19. Nxe7+ Qxe7 20. Qe3 Nxd3 21. Qxd3 Rfd8 22. Ba3 Rd7 23. Rac1 Rcd8 24. Rfe1 Qe6 25. Qe3 Re7 26. Rcd1 Rc7 27. Re2 b5 28. Qb6 Qc8 29. Bxd6 Rcd7 30. axb5 Rxd6 31. Rxd6 Rxd6 32. bxc6 Rxc6 33. Nd5 Rxb6 34. Ne7+ Kh7 35. Nxc8 Rb4 36. f3 Nh5 37. Nd6 f6 38. Nc4 Rb8 39. Rd2 Nf4 40. Na5 Rc8 41. Nc4 Rc6 42. Kf1 Ne6 43. Ke1 Nd4 44. Kd1 h5 45. Kc1 Kg6 46. Kb2 h4 47. Ne3 Kg5 48. c3 Ne6 49. b4 Rb6 50. Ka3 Nc7 51. Nd5 Rc6 52. Nxc7 Rxc7 53. Kb3 Kf4 54. c4 g5 55. Rd6 Kg3 56. Rd2 Rb7 57. Ka4 Re7 58. c5 Re6 59. Ka5 Kf4 60. Rd6 1-0

[Event "Chojnice op-B"]
[Site "Chojnice"]
[Date "2009.07.15"]
[Round "7"]
[White "Belka, Marta"]
[Black "Panczuk, Boleslaw"]
[Result "1-0"]
[WhiteElo "1672"]
[BlackElo "1556"]
[PlyCount "105"]
[EventDate "2009.07.11"]
[EventType "swiss"]
[EventRounds "9"]
[EventCountry "POL"]
[SourceTitle "EXT 2011"]
[Source "ChessBase"]
[SourceDate "2010.11.26"]
[SourceVersion "1"]
[SourceVersionDate "2010.11.26"]
[SourceQuality "1"]

1. c4 c5 2. Nf3 d6 3. g3 Nc6 4. Bg2 e6 5. d3 Be7 6. 0-0 Nf6 7. Nc3 0-0 8. d4 cxd4 9. Nxd4 Bd7 10. b3 Rc8 11. Ba3 Qc7 12. Ndb5 Qb8 13. Bxd6 Bxd6 14. Nxd6 Rcd8 15. Nde4 Bc8 16. Nxf6+ gxf6 17. Qc2 Nd4 18. Qc1 Qe5 19. e3 Nc6 20. Ne2 Nb4 21. Nd4 a6 22. a3 Nd3 23. Qc2 Nc5 24. Rad1 f5 25. Rd2 Ne4 26. Rd3 Qf6 27. Rfd1 Bd7 28. b4 Bc6 29. Nxc6 bxc6 30. Rxd8 Rxd8 31. Rxd8+ Qxd8 32. Bxe4 fxe4 33. Qxe4 Qc7 34. Qd4 a5 35. Qc5 axb4 36. axb4 Qd7 37. Qd4 Qb7 38. b5 cxb5 39. Qd8+ Kg7 40. Qg5+ Kh8 41. Qxb5 Qe4 42. c5 Qc2 43. Qb8+ Kg7 44. Qe5+ Kf8 45. Kg2 Ke7 46. Qd6+ Ke8 47. c6 Qe4+ 48. Kf1 Qb1+ 49. Ke2 Qb5+ 50. Kf3 Qd5+ 51. Qxd5 exd5 52. Kf4 Ke7 53. Ke5 1-0

[Event "Chojnice op-B"]
[Site "Chojnice"]
[Date "2009.07.11"]
[Round "1"]
[White "Sciwiarski, Mariusz"]
[Black "Panczuk, Boleslaw"]
[Result "1-0"]
[WhiteElo "1877"]
[BlackElo "1556"]
[PlyCount "41"]
[EventDate "2009.07.11"]
[EventType "swiss"]
[EventRounds "9"]
[EventCountry "POL"]
[SourceTitle "EXT 2011"]
[Source "ChessBase"]
[SourceDate "2010.11.26"]
[SourceVersion "1"]
[SourceVersionDate "2010.11.26"]
[SourceQuality "1"]

1. d4 d5 2. Nf3 e6 3. c4 Nf6 4. g3 Be7 5. Bg2 0-0 6. Qc2 Nbd7 7. 0-0 c6 8. Nbd2 Qc7 9. a3 c5 10. cxd5 Nxd5 11. dxc5 Qxc5 12. Qxc5 Bxc5 13. b4 Be7 14. Bb2 Bf6 15. Bxf6 N7xf6 16. Ne5 Nd7 17. Ndf3 a6 18. Rac1 Kh8 19. Rxc8 Nxe5 20. Rxf8+ Rxf8 21. Nxe5 1-0